000 00843nam a2200241 a 4500
999 _c12070
_d12070
001 12070
003 BD-JhCC
005 20210311093315.0
008 200329s20092019b |||| ||a| 000 0 ben d
020 _a9847026400336
035 _a(BD-JhCC)12070
040 _aBD-JhCC
_dBD-JhCC
041 _abengali
082 _a923.1
_bAHA 2019
100 _aআহাদ,আবীর
245 _aইসলাম সাম্যবাদ ও বাঙালিত্বের আলোকে:
_bবঙ্গবন্ধুর রাজনৈতিক দর্শন /
_cআবীর আহাদ।
260 _aঢাকা:
_bজনতা প্রকাশ;
_c২০১৯.
300 _a২০৭ পৃ. :
_c২০ সেমি.
600 _aRahaman, shekh Mojibur
650 _aBiography
942 _2ddc
_cBK